000 00732nam a2200277Ia 4500
001 Z_237
003 CHAP
008 220113s1986 xx 000 0 und d
010 _a163211
040 _cCHAP
082 _a581.69 S25
100 _aSchmutz, Ervin M
_9103085
245 _aPlants that poison: an illustrated guide to plants poisonous to man /
_cby Ervin M. Schmutz and Lucretia Breazealea Hamilton
260 _aFlagstaff, Arizona :
_bNorthland Press,
_c1986
300 _a241 p.
440 _a
500 _a
503 _aC/E
650 _aPlantas venenosas I. Hamilton, Lucretia Breazealea
_9137502
901 _a581.69 S25
902 _aA
910 _a1986
942 _c1
942 _cc1
999 _c163211
_d163211